000 00502cam a22001337a 4500
008 180718b1961 xxu||||| |||| 00| 0 eng d
082 _aB3x561 In7
100 _aAksoy, Sadri
245 _aA Brief explanation of Turkish labor legislation and social security system
_cby Sadri Aksoy
260 _aAnkara
_bInstitute of Public Administration for Turkey and the Middle East
_c1961
300 _a13 pts. in 1
500 _a(Part of the pamphlets bound to gather)
650 _aPublica Administration - Turkey
999 _c370706
_d370706